000 00426cam a2200181ua 4500
001 3912
008 111208n ii |||gr||||Z||||||asm
040 _cMAIN
082 _a891.4511
100 1 _aGogoi, Tarali,
245 1 1 _aToi j asili nodi
_cby Tarali Gogoi
250 _a1st.
260 _aDibrugarh:
_bRina Gogoi,
_c2010.
300 _a58p:
_c23cm.
653 _aAssamese poem
653 _aToi j asili nodi
942 _cBK
999 _c3734
_d3734